محاضرات الموسم الثقافى فى العام الجامعى 1968-1967

محفوظ في:

المؤلف الرئيسي: أبوشادى الروبى.

التنسيق: كتاب

اللغة: Undetermined

منشور في: Cairo al-Hayʼah al-ʻĀmmah lil-Kitāb, 1968

الوسوم: إضافة وسم

لا توجد وسوم, كن أول من يضع وسما على هذه التسجيلة!

رقم الطلب: Q40 ROUB

LEADER 00418nam a2200121Ia 4500
008 240404s9999||||xx |||||||||||||| ||und||
050 4 |a Q40 ROUB 
100 1 |a أبوشادى الروبى. 
245 1 0 |a محاضرات الموسم الثقافى فى العام الجامعى 1968-1967  |c أبوشادى الروبى 
264 1 |a Cairo  |b al-Hayʼah al-ʻĀmmah lil-Kitāb,  |c 1968 
300 |a 13  |c 24 
942 |2 lcc  |c BK 
999 |c 57963  |d 57963